[Event "AUTO-INT-2718"]
[Site "http://www.queenalice.com/game.php?id=1215530"]
[Date "2013.9.9"]
[Round "1"]
[White "pride"]
[Black "Jean"]
[Result "1-0"]
[WhiteElo "1653"]
[BlackElo "1440"]

1. e4 e5 2. Qf3 h5 3. Bc4 Nh6 4. d4 Qe7 5. h4 d6 6. Nc3 a6 7. Nd5 Qd7 8. Nh3 c6
9. Nb6 Qc7 10. Nxa8 Qa5+ 11. c3 f6 12. Ng5 Bg4 13. Qe3 Be7 14. f3 b5 15. b4 Qa4
16. Bb3 fxg5 17. Bxa4 gxh4 18. Bd1 Be6 19. d5 cxd5 20. Nc7+ Kd7 21. Qa7 Rc8 22.
Nxd5+ Kc6 23. Nxe7# 1-0

[Event "AUTO-INT-2718"]
[Site "http://www.queenalice.com/game.php?id=1215531"]
[Date "2013.9.9"]
[Round "1"]
[White "Jean"]
[Black "pride"]
[Result "1-0"]
[WhiteElo "1482"]
[BlackElo "1667"]

1. e3 e5 2. h4 Be7 3. Nf3 e4 4. Ne5 Bxh4 5. g3 Bf6 6. Ng4 Nc6 7. Bg2 h5 8. Nh2
d5 9. Nc3 Nh6 10. Qxh5 Nb4 11. Kf1 g6 12. Qe2 Nxc2 13. Rb1 Ng4 14. Nxg4 Bg7 15.
Rxh8+ Bxh8 16. Nh6 Qg5 17. d4 Nb4 18. Qb5+ Nc6 19. Nxd5 Kd7 20. Nxf7 Qh5 21. Bd2
a6 22. Qc5 g5 23. Qf8 Ke6 24. Nxc7+ Kd7 25. Qd6# 1-0

[Event "AUTO-INT-2718"]
[Site "http://www.queenalice.com/game.php?id=1215544"]
[Date "2013.9.9"]
[Round "1"]
[White "Mariojose"]
[Black "Jean"]
[Result "1-0"]
[WhiteElo "1591"]
[BlackElo "1450"]

1. e4 e5 2. Nc3 Qf6 3. Nf3 d6 4. Nd5 Qd8 5. d3 c6 6. Nc3 h6 7. Be3 a5 8. Na4 Qd7
9. Nb6 Qd8 10. Nxa8 a4 11. Nb6 Na6 12. Nxa4 Qa5+ 13. Nc3 d5 14. Bd2 Nf6 15. Nxd5
Qb5 16. d4 Qxb2 17. Bc3 Qa3 18. Nxf6+ gxf6 19. Qd2 Qe7 20. Bc4 Rg8 21. g3 Rg4
22. O-O-O Rxe4 23. Rhe1 Rg4 24. dxe5 Qa3+ 25. Bb2 Be7 26. Bxa3 c5 27. Qxh6 Rg8
28. exf6 Bd7 29. fxe7 Nc7 30. Qb6 Ne6 31. Bxe6 fxe6 32. Qd8+ Kf7 33. Qxd7 Re8
34. Rxe6 b6 35. Ng5+ Kg8 36. Qxe8+ Kg7 37. Qg6+ Kh8 38. Qh7# 1-0

[Event "AUTO-INT-2718"]
[Site "http://www.queenalice.com/game.php?id=1215545"]
[Date "2013.9.9"]
[Round "1"]
[White "Jean"]
[Black "Mariojose"]
[Result "0-1"]
[WhiteElo "1505"]
[BlackElo "1624"]

1. e3 e5 2. Nh3 Nc6 3. Nc3 Bb4 4. Nd5 h6 5. Qg4 Bf8 6. a4 Nf6 7. Nxf6+ Qxf6 8.
b3 Nb4 9. Qc4 Qc6 10. Qxc6 dxc6 11. Rb1 Nxc2+ 12. Kd1 Bf5 13. Ng1 Nxe3+ 14. fxe3
Bxb1 15. Nf3 Ba2 16. Bc4 b5 17. axb5 cxb5 18. Bd5 Rc8 19. Nxe5 f6 20. Nf7 Rh7
21. Rf1 Bb1 22. Rf4 Kd7 23. Be4 Bxe4 24. Rxe4 g5 25. Rd4+ Ke6 26. Nd8+ Kf5 27.
Nc6 a6 28. e4+ Kg6 29. g4 Re8 30. Rd3 Rxe4 31. h3 Bc5 32. Nb8 Rf4 33. Nxa6 Bd6
34. Nb8 Be5 35. Nc6 Rf1+ 36. Kc2 Bf4 37. Rd5 b4 38. Nxb4 c5 39. Rxc5 Bd6 40. Rc4
Rf4 41. Ba3 Ra7 42. Kb2 Rb7 43. d3 Rxc4 44. bxc4 Bxb4 45. Bxb4 Rxb4+ 46. Kc3 Rb1
47. d4 Kf7 48. d5 Ke7 49. c5 Rc1+ 50. Kd4 Kd7 51. c6+ Kd6 52. Ke4 Rf1 53. Kd4
Rf4+ 54. Ke3 Kxd5 55. c7 Rc4 56. c8=N Rxc8 57. Kf3 Rc3+ 58. Kg2 Re3 59. Kf2 Ke4
60. Kf1 Rxh3 61. Kg2 Rf3 62. Kh2 Kf4 63. Kg1 Kxg4 64. Kh2 h5 65. Kg1 Kg3 66. Kh1
Rf1# 0-1

[Event "AUTO-INT-2718"]
[Site "http://www.queenalice.com/game.php?id=1215554"]
[Date "2013.9.9"]
[Round "1"]
[White "Jean"]
[Black "Narizinho"]
[Result "1-0"]
[WhiteElo "1472"]
[BlackElo "1323"]

1. e3 e5 2. Qf3 Nf6 3. Nc3 Bb4 4. Qg3 O-O 5. Nf3 d6 6. Nb5 c6 7. a3 Bc5 8. Ng5
a6 9. Nc3 d5 10. h4 d4 11. Bc4 dxc3 12. bxc3 Nbd7 13. h5 Nxh5 14. Rxh5 Be7 15.
Nxh7 Re8 16. Ng5 g6 17. Bxf7+ Kg7 18. Rh7+ Kf6 19. Ne4+ Kf5 20. Qf4+ exf4 21. f3
Rf8 22. g4+ Ke5 23. d4# 1-0

[Event "AUTO-INT-2718"]
[Site "http://www.queenalice.com/game.php?id=1215555"]
[Date "2013.9.9"]
[Round "1"]
[White "Narizinho"]
[Black "Jean"]
[Result "0-1"]
[WhiteElo "1265"]
[BlackElo "1517"]

1. e4 e5 2. Nf3 a5 3. Be2 d6 4. O-O h5 5. Nc3 Qf6 6. a3 h4 7. Bb5+ Bd7 8. d3 h3
9. gxh3 Rxh3 10. Bg5 Qg6 11. b4 Bxb5 12. Nxb5 Ra6 13. bxa5 Rxa5 14. Nxc7+ Kd7
15. Nd5 f6 16. Kh1 fxg5 17. c3 Nh6 18. Nb6+ Ke8 19. d4 Ng4 20. dxe5 Qxe4 21. Re1
Nxf2+ 22. Kg1 Nxd1 23. Rexd1 Qe3+ 24. Kh1 Qxf3+ 25. Kg1 Qe3+ 26. Kf1 Rf3+ 27.
Kg2 Qf2+ 28. Kh1 Qxb6 29. Rf1 Rxc3 30. exd6 Qc6+ 31. Kg1 Qxd6 32. a4 Qd4+ 33.
Kh1 Qe4+ 0-1

[Event "Let's Play Chess!"]
[Site "http://www.queenalice.com/game.php?id=1228698"]
[Date "2013.10.31"]
[Round "-"]
[White "Felipe162503"]
[Black "Jean"]
[Result "1-0"]
[WhiteElo "2000"]
[BlackElo "1525"]

1. e4 e5 2. Nf3 Nc6 3. Bc4 Nh6 4. O-O a6 5. d3 Be7 6. Nc3 Ng4 7. h3 Nf6 8. Bg5
h6 9. Be3 b5 10. Bd5 Bb7 11. Bxc6 Bxc6 12. Nxe5 b4 13. Nxc6 dxc6 14. Ne2 g5 15.
c3 Qd6 16. cxb4 Qe5 17. Qc2 Bd6 18. f4 Qb5 19. Nd4 Qb6 20. e5 Nd5 21. Bf2 Nxb4
22. Qc4 c5 23. exd6 O-O 24. Nf5 cxd6 25. Nxh6+ Kh7 26. Nxf7 Rxf7 27. Qxf7+ Kh8
28. fxg5 Qa7 29. Bg3 Qxf7 30. Rxf7 Nxd3 31. Bxd6 a5 32. g6 c4 33. Raf1 Kg8 34.
g7 Nxb2 35. Rf8+ Kxg7 36. Rxa8 a4 37. Be5+ Kg6 38. Bxb2 a3 39. Rf6+ Kg5 40. Ra5+
Kh4 41. Rf4+ Kg3 42. Rg4# 1-0

[Event "#6"]
[Site "http://www.queenalice.com/game.php?id=1231423"]
[Date "2013.11.10"]
[Round "-"]
[White "Railton"]
[Black "Jean"]
[Result "1-0"]
[WhiteElo "1699"]
[BlackElo "1544"]

1. e3 e5 2. Bc4 Qf6 3. e4 Qg6 4. Qf3 Nh6 5. d3 Nc6 6. c3 a6 7. b4 b5 8. Bb3 f6
9. a4 Bb7 10. a5 Ne7 11. Bxh6 Qxh6 12. Ne2 Ng6 13. g3 Qh3 14. Ng1 Nh4 15. Qh5+
g6 16. Nxh3 gxh5 17. gxh4 O-O-O 18. f4 Rg8 19. Bxg8 Bh6 20. Bxh7 d5 21. Rg1 dxe4
22. Bxe4 Bxe4 23. dxe4 Rd3 24. Nf2 Re3+ 25. Kd1 Bxf4 26. Rg2 Bh6 27. Rg6 Bf4 28.
Rxf6 Bxh2 29. Rf5 Rg3 30. Rxh5 Rf3 31. Rf5 Rg3 32. h5 Rg8 33. h6 Rh8 34. Rh5 Kd8
35. Ng4 Bg3 36. Kc2 Ke8 37. Nd2 Kd7 38. h7 Ke7 39. Rf1 Bf4 40. Nf3 Kd6 41. Rd1+
Ke6 42. Nfxe5 Bxe5 43. Rd5 Bg7 44. Rc5 Kd6 45. Rhd5+ Ke6 46. Rc6+ Kf7 47. Rxc7+
Kg6 48. Rd6+ Kxh7 49. Nf6+ Kh6 50. Ne8+ Kh7 51. Rxg7# 1-0

[Event "#7"]
[Site "http://www.queenalice.com/game.php?id=1231424"]
[Date "2013.11.10"]
[Round "-"]
[White "Jean"]
[Black "Railton"]
[Result "1-0"]
[WhiteElo "1519"]
[BlackElo "1756"]

1. e4 e6 2. Nc3 Bc5 3. a3 a6 4. Qh5 Qf6 5. Qxc5 Nc6 6. h4 Nge7 7. Nf3 d6 8. Qe3
Ne5 9. Ng5 Ng4 10. Qe2 h5 11. f3 Ne5 12. d4 Nd7 13. Qd3 Qg6 14. g4 e5 15. gxh5
Qxh5 16. Be2 Qg6 17. h5 Rxh5 18. Rg1 Nf6 19. Be3 Be6 20. Nxe6 Qh7 21. Nxc7+ Kf8
22. Nxa8 Rh1 23. O-O-O 1-0

[Event "Challenge"]
[Site "http://www.queenalice.com/game.php?id=1242349"]
[Date "2013.12.24"]
[Round "-"]
[White "lobo"]
[Black "Jean"]
[Result "0-1"]
[WhiteElo "1754"]
[BlackElo "1534"]

1. e4 e5 2. Nf3 Nc6 3. Bc4 Nh6 4. d3 Ng4 5. h3 Nh6 6. g4 Ng8 7. Ng5 Nh6 8. Nc3
f6 9. Nf3 g5 10. a3 a6 11. Bd5 a5 12. a4 Nb4 13. Bc4 c6 14. d4 d5 15. exd5 exd4
16. Qxd4 Nxc2+ 17. Kd2 Nxd4 18. Nxd4 c5 19. Bb5+ Bd7 20. Ne6 Qc8 21. Re1 Be7 22.
Bxd7+ Qxd7 23. Nxc5 Qd6 24. Nxb7 Qf4+ 25. Kc2 Qxf2+ 26. Bd2 Nf7 27. d6 O-O 28.
Rxe7 Nxd6 29. Nxd6 Rad8 30. Nce4 Qf3 31. Nf5 Qd3+ 32. Kc1 Qc4+ 33. Nc3 Qf1+ 34.
Be1 Rde8 35. Kc2 Rxe7 36. Nxe7+ Kf7 37. Nf5 Rd8 38. Rc1 Qd3+ 39. Kb3 Qxh3 40.
Ka2 Kf8 41. Nb5 Qxg4 42. Bxa5 Ra8 43. Nbd6 Qxa4+ 44. Kb1 Qxa5 0-1

[Event "2014"]
[Site "http://www.queenalice.com/game.php?id=1281503"]
[Date "2014.5.13"]
[Round "3"]
[White "tucuman"]
[Black "Jean"]
[Result "1-0"]
[WhiteElo "1793"]
[BlackElo "1550"]

1. e4 e5 2. Nf3 Bd6 3. Bc4 Qe7 4. d3 a6 5. Ng5 Nh6 6. Qh5 b5 7. Bxf7+ Nxf7 8.
Nxf7 Qxf7 9. Qxf7+ Kxf7 10. O-O Bc5 11. a3 Nc6 12. b4 Bb6 13. Be3 Bd4 14. Bxd4
Nxd4 15. Ra2 Ne2+ 16. Kh1 h5 17. c3 Nf4 18. d4 exd4 19. cxd4 Bb7 20. d5 Rae8 21.
Nc3 Rh6 22. f3 d6 23. a4 Nd3 24. axb5 Nxb4 25. Ra3 Nc2 26. Ra2 Ne3 27. Re1 Nc4
28. bxa6 Ba8 29. a7 h4 30. Nb5 g5 31. Nxc7 1-0